| 000 | 00680cab a2200229 4500 | ||
|---|---|---|---|
| 001 | WB3406-41 | ||
| 008 | 090401t1998 xxu||||| |||| 00| 0 eng d | ||
| 035 | _a(Sirsi) u83612 | ||
| 041 | _aeng | ||
| 245 | _aTime limit on taxes | ||
| 260 | _c1998 | ||
| 350 | _a0 | ||
| 490 |
_aProperty Week _v61(5) 6 February 1998, 3(1) |
||
| 490 |
_aRICS Press Release _v(pr11.com) 10 February 1998, (3) |
||
| 520 | _aNew Inland Revenue tax arrangements will only give partnerships an 18-month period to find the money, according to a finance expert. | ||
| 650 | _aPARTNERSHIPS | ||
| 650 | _aTAX | ||
| 650 | _aWORK IN PROGRESS | ||
| 690 | _aTAX | ||
| 942 | _n0 | ||
| 948 | _c09/02/1998 | ||
| 999 |
_c52822 _d52822 |
||